000 00445nam a2200169Ia 4500
005 20250508160818.0
008 008 250505s9999 xx 000 0 eng d
037 _aBooks to be hide in OPAC
040 _aFEDL
_beng
_cFEDL
041 _aeng
_2eng
084 _a507, SHA/O
_qFEDL
100 _aSharma R L
_9426389
245 0 _aModern science teaching
300 _a346p.
942 _cHB
_h507, SHA/O
999 _c1366757
_d1366757